Chelsea FC Players - Season 2015/16 - Statistics

General Stats
  • This quiz has been taken 98 times
  • The average score is 16 of 30
Answer Stats
Number Player % Correct
10 Eden Hazard
90%
19 Diego Costa
89%
26 John Terry
89%
13 Thibaut Courtois
87%
24 Gary Cahill
86%
28 Cesar Azpilicueta
81%
22 Willian
81%
4 Cesc Fabregas
74%
8 Oscar
74%
2 Branislav Ivanović
72%
1 Asmir Begović
71%
17 Pedro Rodriguez
70%
21 Nemanja Matić
68%
7 Ramires
64%
5 Kurt Zouma
60%
12 John Obi Mikel
54%
18 Loic Remy
49%
36 Ruben Loftus-Cheek
49%
9 Radamel Falcao
46%
20 Victor Moses
33%
11 Alexandre Pato
32%
6 Baba Rahman
32%
16 Kenedy
32%
14 Bertrand Traore
27%
11 Juan Cuadrado
22%
42 Tammy Abraham
21%
20 Matt Miazga
13%
43 Fikayo Tomori
10%
37 Jake Clarke-Salter
7%
15 Papy Djilobodji
7%
No matching quizzes found
Score Distribution
Percent of People with Each Score
Percentile by Number Answered
Your Score History
You have not taken this quiz